000 01413cam a22003617a 4500
003 CHAP
005 20220329142656.0
008 020924d2002 mx a r 00110 spa d
010 _a86369
011 _a87341
035 _a97884
040 _cCHAP
090 _aTesis
100 0 0 _aJiménez Guzmán, Victor Manuel.
_961543
245 1 0 _aEvaluación de daños causados por Capitarcia spp. y Heliothis spp. (Lepidoptera: noctuidae) sobre jitomate silvestre (Lycopersicon esculentum var. cerasiforme) en invernadero y campo
_c/por Victor Manuel Jiménez Guzmán
260 _aChapingo, Méx. :
_bEl autor,
_c2002.
300 _a58 h. ;
_bgráfs. ; ilus.|
502 _aTesis (Ing. Agr. Esp. en Parasitología Agrícola) -- UACH. Departamento de Parasitología Agrícola
590 _aALEPH
_b10
_c20130110
_lUCH01
_h1449
590 _aBATCH-UPD
_b10
_c20130110
_lUCH01
_h0439
590 _aBATCH-UPD
_b10
_c20130110
_lUCH01
_h2306
590 _aBATCH-UPD
_b10
_c20130410
_lUCH01
_h0115
590 _aBATCH-UPD
_b10
_c20130914
_lUCH01
_h1047
590 _aCONVERSION
_b10
_c20130109
_lUCH01
_h1348
650 1 4 _aCopitarsia sp.
_927884
650 1 4 _aHeliothis.
_953436
650 1 4 _aTomate
_xEnfermedades.
_9113711
901 _aBK
905 _aMayto Villalobos S.
942 _cFOLL
949 _aTesis
_bBC
_cTES
_d33724000877494
_eTS2
_fc.2
_h39761
_i97884
_sb
949 _aTesis
_bBC
_cTES
_d97884123
_eTS1
_h39760
_i97884
_sb
999 _c86369
_d86369